[Event "Kandidatklassen 1994"]
[Site "Aalborg"]
[Date "1994.03.31"]
[Round "3"]
[White "Bank, Pelle Rodkjaer"]
[Black "Johansen, Morten"]
[Result "1-0"]
[WhiteElo "2274"]
[BlackElo "2160"]
[PlyCount "129"]
[EventDate "1994.??.??"]

1. e4 d5 2. exd5 Qxd5 3. Nc3 Qa5 4. Bc4 Nf6 5. d3 Bg4 6. f3 Bh5 7. Bd2 c6 8.
Nd5 Qd8 9. Nxf6+ gxf6 10. Ne2 Nd7 11. Ng3 Bg6 12. f4 e6 13. Qe2 f5 14. Bc3 Rg8
15. O-O-O Qe7 16. Qe3 Bg7 17. Bxg7 Rxg7 18. Bb3 Nb6 19. d4 O-O-O 20. d5 Rgg8
21. dxe6 Rxd1+ 22. Rxd1 Re8 23. Re1 f6 24. Qc3 Qd6 25. Qd2 Nd5 26. Bxd5 cxd5
27. Qc3+ Kb8 28. Qxf6 Qxf4+ 29. Kb1 Rc8 30. Qe5+ Qxe5 31. Rxe5 f4 32. Nf5 Bxf5
33. Rxf5 Re8 34. Rf6 Kc7 35. Kc1 Kd6 36. Rxf4 Kxe6 37. Ra4 a6 38. Rh4 Re7 39.
Kd2 Kd6 40. Kd3 Kc5 41. Rh6 a5 42. Rf6 b5 43. h3 Re1 44. g4 Rg1 45. Rf3 Rg2 46.
a3 b4 47. axb4+ axb4 48. b3 h5 49. gxh5 Rg5 50. h4 Rg4 51. Rh3 Rd4+ 52. Ke3
Re4+ 53. Kf3 Kd4 54. Kf2 Rf4+ 55. Ke2 Rg4 56. h6 Rg2+ 57. Kd1 Rg1+ 58. Kd2 Rg2+
59. Kc1 Rg1+ 60. Kb2 Rg6 61. h7 Rh6 62. h5 Rxh7 63. h6 Ke4 64. Kc1 d4 65. Kd2
1-0

[Event "Kandidatklassen 1994"]
[Site "Aalborg"]
[Date "1994.03.31"]
[Round "3"]
[White "Buch, Carsten"]
[Black "Rasmussen, Peter"]
[Result "1/2-1/2"]
[WhiteElo "2260"]
[BlackElo "2325"]
[PlyCount "134"]
[EventDate "1994.??.??"]

1. c4 Nf6 2. g3 c6 3. Nf3 d5 4. b3 g6 5. Bb2 Bg7 6. Bg2 O-O 7. O-O Nbd7 8. d3
b6 9. e3 Re8 10. Ne5 Bb7 11. Qe2 e6 12. Rd1 Qc7 13. Nxd7 Qxd7 14. Be5 Rad8 15.
Qb2 Nh5 16. Bxg7 Nxg7 17. cxd5 exd5 18. d4 Qf5 19. Nd2 Re6 20. Rac1 g5 21. Qc2
Rde8 22. Qxf5 Nxf5 23. Bh3 Rf6 24. Rc3 Re7 25. Bf1 Rd6 26. Rdc1 Ng7 27. b4 Ne6
28. Ra3 Bc8 29. Nb3 Rc7 30. Bd3 h6 31. Bf5 Nf4 32. exf4 Bxf5 33. b5 Bd3 34.
bxc6 Bc4 35. Nd2 Rdxc6 36. fxg5 hxg5 37. Nf3 f6 38. Rac3 Kf7 39. h4 gxh4 40.
Nxh4 b5 41. a3 a5 42. Ng2 b4 43. axb4 axb4 44. R3c2 b3 45. Rb2 Ke7 46. Ne3 Kd7
47. Ra1 Rb6 48. Ra5 Kd6 49. g4 Rbb7 50. Kg2 Ra7 51. Rxa7 Rxa7 52. Rb1 Kc6 53.
f4 Kb5 54. Kf3 Kb4 55. g5 fxg5 56. fxg5 Kc3 57. g6 Rg7 58. Rg1 Bd3 59. Nxd5+
Kxd4 60. Rd1 Kxd5 61. Rxd3+ Kc4 62. Rd6 Kc5 63. Rd3 Kc4 64. Rd6 b2 65. Rb6 Kc3
66. Rc6+ Kd4 67. Rb6 Kc3 1/2-1/2

[Event "Kandidatklassen 1994"]
[Site "Aalborg"]
[Date "1994.03.31"]
[Round "3"]
[White "Hansen, Carsten"]
[Black "Jensen, Jacob Bjerre"]
[Result "1-0"]
[WhiteElo "2317"]
[BlackElo "2184"]
[PlyCount "69"]
[EventDate "1994.??.??"]

1. d4 Nf6 2. c4 g6 3. Nc3 Bg7 4. Nf3 d6 5. Bg5 O-O 6. e3 Nbd7 7. Qc2 h6 8. Bh4
c6 9. Rd1 a6 10. a3 Re8 11. Be2 e5 12. dxe5 dxe5 13. Nd2 Qe7 14. O-O Nf8 15. b4
Bf5 16. Qc1 g5 17. Bg3 b5 18. Nb3 h5 19. f3 Bh6 20. e4 Bd7 21. Nc5 h4 22. Bxh4
Nh5 23. Bf2 Nf4 24. Be3 Be6 25. Nxe6 N8xe6 26. g3 Ng6 27. Rf2 Red8 28. Bf1 Nd4
29. Kg2 Kh7 30. Kh1 f6 31. Qb2 Nxf3 32. Rxf3 Rxd1 33. Nxd1 Qe6 34. Rf2 Qg4 35.
Nc3 1-0

[Event "Kandidatklassen 1994"]
[Site "Aalborg"]
[Date "1994.03.31"]
[Round "3"]
[White "Hjorth, Torben"]
[Black "Pedersen, Jan"]
[Result "0-1"]
[WhiteElo "2222"]
[BlackElo "2316"]
[PlyCount "60"]
[EventDate "1994.??.??"]

1. e4 g6 2. d4 Bg7 3. Nc3 Nc6 4. Be3 d5 5. exd5 Nb4 6. Bc4 Bf5 7. Bb3 Nf6 8.
Qd2 O-O 9. Nge2 Nbxd5 10. O-O-O a5 11. Bh6 Nxc3 12. Nxc3 a4 13. Bc4 a3 14. Bxg7
axb2+ 15. Kb1 Kxg7 16. f3 h5 17. h4 Qd6 18. Bb3 Rfd8 19. Qe3 Qb4 20. g4 hxg4
21. h5 Rh8 22. h6+ Kh7 23. Ne4 Ra3 24. Ng5+ Kg8 25. Bxf7+ Kf8 26. Bb3 Nd5 27.
Qe5 Nc3+ 28. Kxb2 Rxa2+ 29. Kc1 Rxc2+ 30. Bxc2 Na2# 0-1

[Event "Kandidatklassen 1994"]
[Site "Aalborg"]
[Date "1994.03.31"]
[Round "3"]
[White "Holmsgaard, Henrik"]
[Black "Borbjerggaard, Lars"]
[Result "1/2-1/2"]
[WhiteElo "2243"]
[BlackElo "2290"]
[PlyCount "22"]
[EventDate "1994.??.??"]

1. c4 Nf6 2. Nc3 g6 3. e4 d6 4. g3 Bg7 5. Bg2 O-O 6. Nge2 e5 7. O-O Nc6 8. d3
Ne8 9. f4 f5 10. Nd5 Nd4 11. h3 c6 1/2-1/2

[Event "Kandidatklassen 1994"]
[Site "Aalborg"]
[Date "1994.03.31"]
[Round "3"]
[White "Isaksen, Brian"]
[Black "Boe, Mads"]
[Result "1/2-1/2"]
[WhiteElo "2214"]
[BlackElo "2366"]
[PlyCount "57"]
[EventDate "1994.??.??"]

1. e4 e5 2. f4 exf4 3. Nf3 d6 4. d4 g5 5. h4 g4 6. Ng1 Nf6 7. Nc3 Qe7 8. Qd3 d5
9. e5 c6 10. Nge2 Nh5 11. Nxf4 Nxf4 12. Bxf4 Qc7 13. g3 Be6 14. Be2 Nd7 15. O-O
O-O-O 16. Nd1 h5 17. Ne3 Kb8 18. Kh2 Ka8 19. Bg5 Rc8 20. Ng2 c5 21. c3 Qb6 22.
Qb5 cxd4 23. Qxb6 Nxb6 24. cxd4 Rc2 25. Bd3 Rxb2 26. Bf6 Rh6 27. Bg5 Rh8 28.
Bf6 Rh6 29. Bg5 1/2-1/2

[Event "Kandidatklassen 1994"]
[Site "Aalborg"]
[Date "1994.03.31"]
[Round "3"]
[White "Jepsen, Thomas Stausholm"]
[Black "Andersen, Jackie"]
[Result "1/2-1/2"]
[WhiteElo "2201"]
[BlackElo "2326"]
[PlyCount "78"]
[EventDate "1994.??.??"]

1. Nf3 Nf6 2. g3 d6 3. Bg2 e5 4. d3 Nbd7 5. c4 c6 6. Nc3 Rb8 7. O-O a6 8. Nh4
Qc7 9. d4 g6 10. dxe5 dxe5 11. b3 Be7 12. Bb2 O-O 13. Rc1 Re8 14. Rc2 Nf8 15.
Qc1 Ne6 16. Nd5 cxd5 17. cxd5 Qd6 18. dxe6 Qxe6 19. Nf3 e4 20. Ng5 Qf5 21. Bxf6
Qxf6 22. Nxe4 Qe5 23. Nc3 Be6 24. e4 Rbc8 25. Nd5 Bd6 26. Rxc8 Rxc8 27. Qd2
Bxd5 28. exd5 Re8 29. Bf3 h5 30. h4 Kg7 31. Kg2 f5 32. Rd1 f4 33. Qd4 Qxd4 34.
Rxd4 fxg3 35. fxg3 Re5 36. Re4 Rxd5 37. Re2 Rd3 38. Re6 Kf7 39. Re2 b6 1/2-1/2

[Event "Kandidatklassen 1994"]
[Site "Aalborg"]
[Date "1994.03.31"]
[Round "3"]
[White "Kjeldsen, Jens"]
[Black "Strange, Mikkel"]
[Result "1-0"]
[WhiteElo "2371"]
[BlackElo "2246"]
[PlyCount "149"]
[EventDate "1994.??.??"]

1. d4 f5 2. Nc3 d5 3. Bf4 Nf6 4. e3 a6 5. Bd3 e6 6. Nf3 c5 7. dxc5 Bxc5 8. O-O
O-O 9. Ne2 Nc6 10. c4 d4 11. exd4 Nxd4 12. Nexd4 Bxd4 13. Qc2 Nh5 14. Bd2 e5
15. Nxd4 Qxd4 16. Bc3 Qc5 17. b4 Qe7 18. f3 Nf4 19. Rfe1 Ng6 20. Re2 Bd7 21.
Rae1 Rae8 22. c5 e4 23. fxe4 f4 24. e5 Nh4 25. e6 Bb5 26. Bxh7+ Kh8 27. Re5 f3
28. Qf2 Kxh7 29. Rh5+ Kg8 30. Rxh4 Qg5 31. g3 Be2 32. h3 Re7 33. Rg4 Qh6 34.
Kh2 Qxe6 35. Qd4 Qh6 36. Bd2 Qe6 37. Bc3 Qf7 38. Rf4 Qe6 39. Rg4 Rff7 40. Qd8+
Re8 41. Qd4 Ree7 42. Qd8+ Re8 43. Qd4 Qh6 44. Rf4 Ref8 45. Bd2 g5 46. Rxf7 Rxf7
47. Be3 Qf6 48. Qxf6 Rxf6 49. Kg1 Kf7 50. Kf2 Kg6 51. Rc1 Bb5 52. Rd1 Bc6 53.
Rd8 Rf7 54. Rg8+ Kh7 55. Rxg5 Rd7 56. g4 Rd1 57. h4 Ra1 58. Kg3 Rxa2 59. Bf2
Rb2 60. Re5 Rxb4 61. Re7+ Kh8 62. h5 a5 63. g5 a4 64. g6 Be4 65. Rd7 a3 66.
Bd4+ Rxd4 67. Rxd4 Bc2 68. Rd8+ Kg7 69. Ra8 f2 70. Kxf2 Bd1 71. Rxa3 Bxh5 72.
Ra7 Kxg6 73. Rxb7 Kf6 74. Ke3 Ke5 75. Rd7 1-0

[Event "Kandidatklassen 1994"]
[Site "Aalborg"]
[Date "1994.03.31"]
[Round "3"]
[White "Pedersen, Henrik Bolding"]
[Black "Nordenbaek, Jan"]
[Result "1/2-1/2"]
[WhiteElo "2182"]
[BlackElo "2227"]
[PlyCount "46"]
[EventDate "1994.??.??"]

1. e4 c5 2. c3 d5 3. exd5 Qxd5 4. d4 Nc6 5. Nf3 e5 6. Nxe5 Nxe5 7. dxe5 Qxe5+
8. Be3 Bd7 9. Nd2 Nf6 10. Nf3 Qc7 11. Qb3 Be7 12. Bb5 O-O 13. Bxd7 Nxd7 14. O-O
a5 15. Qc4 Qc6 16. Rad1 Rad8 17. Bg5 Bxg5 18. Nxg5 Ne5 19. Qe2 Rde8 20. Qe4 Qh6
21. Nf3 Nxf3+ 22. Qxf3 Qb6 23. b3 Rd8 1/2-1/2

[Event "Kandidatklassen 1994"]
[Site "Aalborg"]
[Date "1994.03.31"]
[Round "3"]
[White "Pedersen, Nicolai Vesterbaek"]
[Black "Pedersen, Daniel Vesterbaek"]
[Result "1/2-1/2"]
[WhiteElo "2333"]
[BlackElo "2253"]
[PlyCount "27"]
[EventDate "1994.??.??"]

1. e4 e5 2. Nf3 Nc6 3. Bc4 Nf6 4. d3 Bc5 5. c3 d6 6. b4 Bb6 7. a4 a6 8. Qb3 O-O
9. h3 Ne7 10. O-O c6 11. Qc2 Ng6 12. Re1 Nh5 13. Bg5 Qc7 14. Be3 1/2-1/2

[Event "Kandidatklassen 1994"]
[Site "Aalborg"]
[Date "1994.03.31"]
[Round "3"]
[White "Pilgaard, Kim"]
[Black "Christiansen, Jens Jorgen"]
[Result "0-1"]
[WhiteElo "2348"]
[BlackElo "2232"]
[PlyCount "76"]
[EventDate "1994.??.??"]

1. e4 c6 2. d4 d5 3. exd5 cxd5 4. c4 Nf6 5. Nc3 g6 6. Qb3 Bg7 7. cxd5 O-O 8.
Be2 Nbd7 9. Bf3 Nb6 10. Nge2 Bf5 11. O-O Bd3 12. d6 exd6 13. Bxb7 Rb8 14. Bf3
Re8 15. Qd1 Ba6 16. Re1 Qd7 17. b3 Rbc8 18. Bb2 d5 19. Ng3 h5 20. h3 Rxe1+ 21.
Qxe1 Re8 22. Qd1 h4 23. Nf1 Ne4 24. Ne3 Bb7 25. Rc1 f5 26. Rc2 Bh6 27. Bc1 Kh7
28. a4 Rc8 29. Ne2 Ba6 30. a5 Na8 31. Nxd5 Bxe2 32. Qxe2 Rxc2 33. Qxc2 Qxd5 34.
Bxh6 Kxh6 35. Bxe4 fxe4 36. Qc8 a6 37. Qxa6 Nc7 38. Qb6 Ne6 0-1

[Event "Kandidatklassen 1994"]
[Site "Aalborg"]
[Date "1994.03.31"]
[Round "3"]
[White "Sorensen, Torben N"]
[Black "Jacobsen, Bo"]
[Result "0-1"]
[WhiteElo "2265"]
[BlackElo "2279"]
[PlyCount "78"]
[EventDate "1994.??.??"]

1. d4 Nf6 2. c4 c5 3. Nf3 b6 4. d5 d6 5. Nc3 e5 6. e4 Be7 7. h3 Nbd7 8. Bd3 Nf8
9. Be3 h5 10. Rb1 h4 11. b4 Ng6 12. bxc5 bxc5 13. Bc2 O-O 14. Ba4 Ba6 15. Bb5
Bxb5 16. Rxb5 a6 17. Rb3 Qc7 18. O-O Rab8 19. Nd2 Nf4 20. Rxb8 Rxb8 21. Qa4 Rb6
22. Rb1 N6h5 23. Rxb6 Qxb6 24. Nb3 g6 25. Bd2 Bf8 26. Qc6 Qd8 27. Nd1 Qg5 28.
Ne3 Nxh3+ 29. Kf1 N3f4 30. Qc8 Nf6 31. Ba5 Nxe4 32. Bd8 Qh5 33. Be7 Qe2+ 34.
Kg1 Qxf2+ 35. Kh2 Qg3+ 36. Kh1 Nf2+ 37. Kg1 N2h3+ 38. Kh1 Qe1+ 39. Kh2 Qg1# 0-1

[Event "Kandidatklassen 1994"]
[Site "Aalborg"]
[Date "1994.03.31"]
[Round "3"]
[White "Wilton, Lars"]
[Black "Hansen, Lars"]
[Result "0-1"]
[WhiteElo "2208"]
[BlackElo "2199"]
[PlyCount "92"]
[EventDate "1994.??.??"]

1. d4 d5 2. Nf3 Nf6 3. Bf4 c5 4. e3 Nc6 5. c3 Qb6 6. Qb3 c4 7. Qxb6 axb6 8. Na3
Bf5 9. Nb5 Ra5 10. a4 e6 11. Be2 Kd7 12. Ne5+ Nxe5 13. dxe5 Ne4 14. f3 Nc5 15.
e4 Bg6 16. Rd1 Nxa4 17. exd5 Rxb5 18. dxe6+ Kc8 19. Bxc4 Rc5 20. b3 Nb2 21. Ra1
Ra5 22. Rxa5 bxa5 23. Bb5 Nd3+ 24. Bxd3 Bxd3 25. exf7 Bg6 26. Ke2 Bxf7 27. Ra1
b6 28. b4 Bc4+ 29. Kf2 axb4 30. cxb4 Kb7 31. Kg3 Bxb4 32. Ra4 Be1+ 33. Kh3 Be6+
34. g4 h5 35. Kg2 hxg4 36. fxg4 Bxg4 37. Bg3 Bd7 38. Rd4 Bc6+ 39. Kf1 Bc3 40.
Rg4 Rh7 41. e6 Rh6 42. e7 Re6 43. Bh4 Bf6 44. Bxf6 Rxf6+ 45. Kg1 Rf7 46. Re4
Be8 0-1

[Event "Kandidatklassen 1994"]
[Site "Aalborg"]
[Date "1994.04.01"]
[Round "4"]
[White "Andersen, Frank"]
[Black "Molvig, Henrik"]
[Result "1/2-1/2"]
[WhiteElo "2167"]
[BlackElo "2201"]
[PlyCount "97"]
[EventDate "1994.??.??"]

1. d4 Nf6 2. c4 g6 3. Nc3 Bg7 4. e4 d6 5. Bd3 O-O 6. Nge2 c6 7. O-O a6 8. b3 e5
9. dxe5 dxe5 10. Ng3 Re8 11. h3 Nbd7 12. Be3 Nf8 13. Nce2 Ne6 14. c5 h5 15. Rc1
h4 16. Nh1 Qe7 17. Rc4 Nh5 18. f4 exf4 19. Nxf4 Nhxf4 20. Bxf4 Nxf4 21. Rxf4
Be6 22. Rc2 Bd4+ 23. Kf1 Be5 24. Rf3 Rad8 25. Qc1 Rd4 26. Nf2 Red8 27. Be2 Bg3
28. Nh1 Be5 29. Nf2 Bg7 30. Qf4 f5 31. Qe3 fxe4 32. Nxe4 Bd5 33. Nd6 Qxe3 34.
Rxe3 Rf4+ 35. Ke1 b5 36. Bd3 Rdf8 37. Re8 Rxe8+ 38. Nxe8 Be4 39. Bxe4 Rxe4+ 40.
Re2 Rxe2+ 41. Kxe2 Bd4 42. Nc7 a5 43. Ne6 Bf6 44. Kd3 Kf7 45. Nd4 Bxd4 46. Kxd4
Kf6 47. a3 b4 48. axb4 axb4 49. Ke4 1/2-1/2

[Event "Kandidatklassen 1994"]
[Site "Aalborg"]
[Date "1994.04.01"]
[Round "4"]
[White "Andersen, Jackie"]
[Black "Rasmussen, Peter"]
[Result "1-0"]
[WhiteElo "2326"]
[BlackElo "2325"]
[PlyCount "78"]
[EventDate "1994.??.??"]

1. d4 Nf6 2. Nf3 e6 3. g3 d5 4. Bg2 c5 5. O-O Nc6 6. a3 cxd4 7. Nxd4 Qb6 8.
Nxc6 bxc6 9. c4 Be7 10. b4 Ba6 11. Be3 Qb7 12. cxd5 cxd5 13. Nc3 Bc4 14. Qa4+
Qd7 15. Rfe1 O-O 16. h3 Rfb8 17. Rab1 Kf8 18. Bd4 Qxa4 19. Nxa4 Nd7 20. Nb2 Bb3
21. Rec1 a5 22. Nd3 Bc4 23. Ne5 Nxe5 24. Bxe5 Rc8 25. b5 Bxa3 26. Rxc4 Rxc4 27.
b6 Rb4 28. Rxb4 axb4 29. b7 Rd8 30. e3 b3 31. Bf1 f6 32. Bc7 Re8 33. Bd3 Ke7
34. b8=Q Rxb8 35. Bxb8 Kd7 36. e4 d4 37. e5 f5 38. Ba7 Bb2 39. Bc4 d3 1-0

[Event "Kandidatklassen 1994"]
[Site "Aalborg"]
[Date "1994.04.01"]
[Round "4"]
[White "Borbjerggaard, Lars"]
[Black "Jensen, Jacob Bjerre"]
[Result "1-0"]
[WhiteElo "2290"]
[BlackElo "2184"]
[PlyCount "131"]
[EventDate "1994.??.??"]

1. d4 Nf6 2. Nf3 g6 3. c4 Bg7 4. Nc3 O-O 5. e4 d6 6. Be2 e5 7. O-O Nc6 8. d5
Ne7 9. b4 Nh5 10. g3 f5 11. Ng5 Nf6 12. f3 f4 13. c5 fxg3 14. hxg3 Nh5 15. Kg2
Nf4+ 16. gxf4 exf4 17. Qe1 Nf5 18. Bxf4 Bxc3 19. Qxc3 Nh4+ 20. Kf2 Rxf4 21. Ne6
Bxe6 22. dxe6 Qe7 23. cxd6 cxd6 24. Rac1 Raf8 25. Ke1 Ng2+ 26. Kd1 R4f6 27. Rf2
Nf4 28. Qc7 Rxe6 29. Qxe7 Rxe7 30. Bf1 Kg7 31. Rd2 Rd8 32. Rc4 Red7 33. Rcd4
Kf6 34. Bb5 Rc7 35. Rxd6+ Rxd6 36. Rxd6+ Ke5 37. Rd8 Re7 38. Kd2 h5 39. Ke3 h4
40. Rf8 Ng2+ 41. Kf2 h3 42. Rh8 Nf4 43. Bf1 Rc7 44. Kg3 Nh5+ 45. Kxh3 Rc1 46.
Bb5 Nf4+ 47. Kg3 Nh5+ 48. Kf2 Rc2+ 49. Ke3 Rxa2 50. f4+ Kf6 51. e5+ Kg7 52. Rb8
b6 53. Rb7+ Kh6 54. e6 Ra3+ 55. Ke4 Rb3 56. e7 Rxb4+ 57. Ke3 Nf6 58. e8=Q Nxe8
59. Bxe8 a5 60. Bf7 Kg7 61. Bd5+ Kh8 62. Be4 a4 63. Bxg6 a3 64. f5 Ra4 65. f6
Ra8 66. Rh7+ 1-0

[Event "Kandidatklassen 1994"]
[Site "Aalborg"]
[Date "1994.04.01"]
[Round "4"]
[White "Hansen, Lars"]
[Black "Holmsgaard, Henrik"]
[Result "1-0"]
[WhiteElo "2199"]
[BlackElo "2243"]
[PlyCount "93"]
[EventDate "1994.??.??"]

1. e4 c5 2. Nc3 e6 3. g3 d5 4. exd5 exd5 5. d4 Be6 6. Nge2 Nc6 7. Bg2 Nf6 8.
O-O Be7 9. dxc5 Bxc5 10. Nf4 d4 11. Nxe6 fxe6 12. Ne4 Nxe4 13. Bxe4 g6 14. Qg4
Qd7 15. Bg5 O-O 16. Rae1 Rae8 17. Bd3 Qd5 18. Bf4 Rf6 19. b3 Bb4 20. Re2 Bc3
21. h4 h5 22. Qg5 Kf7 23. Qh6 Rg8 24. Bc4 Qf5 25. Bg5 Ne5 26. Bxf6 Qxf6 27. Qf4
Qxf4 28. Bxe6+ Kxe6 29. gxf4 Rf8 30. fxe5 Rf4 31. f3 Rxh4 32. Rg2 Kxe5 33. Rxg6
Bd2 34. Kg2 Rf4 35. Rh1 Rf5 36. Rg8 Be3 37. Re8+ Kd6 38. Rh8 Rg5+ 39. Kf1 Rg3
40. Ke2 Rg2+ 41. Kd3 Rd2+ 42. Ke4 Rxc2 43. R1xh5 Rxa2 44. Rd8+ Kc7 45. Rg8 b6
46. b4 Bf2 47. Kd5 1-0

[Event "Kandidatklassen 1994"]
[Site "Aalborg"]
[Date "1994.04.01"]
[Round "4"]
[White "Hjorth, Torben"]
[Black "Pilgaard, Kim"]
[Result "0-1"]
[WhiteElo "2222"]
[BlackElo "2348"]
[PlyCount "72"]
[EventDate "1994.??.??"]

1. c4 Nf6 2. g3 g6 3. Bg2 Bg7 4. Nc3 c5 5. e4 Nc6 6. Nge2 d6 7. d3 Bd7 8. a3
O-O 9. Rb1 a5 10. h3 e5 11. O-O Rb8 12. Be3 Nd4 13. b4 b6 14. Kh2 Nh5 15. Nd5
Be6 16. Nec3 Kh8 17. Qd2 f5 18. Bg5 Qd7 19. f3 axb4 20. axb4 f4 21. g4 Nf6 22.
Bxf6 Bxf6 23. Nxf6 Rxf6 24. g5 Rff8 25. Ne2 Nc6 26. b5 Nb4 27. Ra1 Qe7 28. h4
h6 29. Bh3 Bxh3 30. Kxh3 hxg5 31. hxg5 Kg7 32. Rg1 Rh8+ 33. Kg2 Qxg5+ 34. Kf1
Qh5 35. Rg4 Ra8 36. Qb2 Qh3+ 0-1

[Event "Kandidatklassen 1994"]
[Site "Aalborg"]
[Date "1994.04.01"]
[Round "4"]
[White "Jacobsen, Bo"]
[Black "Hansen, Carsten"]
[Result "1-0"]
[WhiteElo "2279"]
[BlackElo "2317"]
[PlyCount "77"]
[EventDate "1994.??.??"]

1. c4 Nf6 2. g3 c5 3. Bg2 d5 4. cxd5 Nxd5 5. Nc3 Nc7 6. f4 g6 7. Qa4+ Qd7 8.
Qxd7+ Nxd7 9. Nf3 Bg7 10. d3 Rb8 11. Be3 O-O 12. Rc1 Ne6 13. O-O b6 14. g4 Bb7
15. f5 Nd8 16. b3 gxf5 17. gxf5 Nc6 18. Nd5 Nf6 19. Nxf6+ Bxf6 20. Bf4 Rbd8 21.
Kf2 Kh8 22. Ng5 h6 23. Ne4 Bd4+ 24. e3 Bg7 25. f6 exf6 26. Nd6 Ba8 27. d4 Ne5
28. dxe5 fxe5 29. Rfd1 exf4 30. Nxf7+ Kg8 31. Rxd8 fxe3+ 32. Kg3 Bxg2 33. Nxh6+
Bxh6 34. Rxf8+ Kxf8 35. Kxg2 Bg7 36. Kf3 Kg8 37. Rg1 Kh7 38. Rg5 Bd4 39. Rd5
1-0

[Event "Kandidatklassen 1994"]
[Site "Aalborg"]
[Date "1994.04.01"]
[Round "4"]
[White "Jepsen, Thomas Stausholm"]
[Black "Buch, Carsten"]
[Result "1-0"]
[WhiteElo "2201"]
[BlackElo "2260"]
[PlyCount "67"]
[EventDate "1994.??.??"]

1. e4 c5 2. Nf3 Nc6 3. d3 g6 4. Nbd2 Bg7 5. g3 d6 6. Bg2 e6 7. O-O Nge7 8. c3
O-O 9. a4 b6 10. Re1 Bb7 11. Nf1 Qd7 12. h4 d5 13. e5 d4 14. c4 h5 15. Bf4 Nf5
16. Qd2 Na5 17. Qd1 Bc6 18. N1d2 Qb7 19. Ne4 Nxc4 20. b3 Na5 21. Rb1 Bd5 22.
Nfg5 Nc6 23. Nf6+ Bxf6 24. Bxd5 Bxg5 25. Bxc6 Qxc6 26. Bxg5 a6 27. Re4 b5 28.
g4 hxg4 29. Qxg4 c4 30. h5 cxd3 31. Bf6 Nh6 32. Qf4 Kh7 33. hxg6+ fxg6 34.
Qxh6+ 1-0

[Event "Kandidatklassen 1994"]
[Site "Aalborg"]
[Date "1994.04.01"]
[Round "4"]
[White "Kjeldsen, Jens"]
[Black "Bank, Pelle Rodkjaer"]
[Result "1/2-1/2"]
[WhiteElo "2371"]
[BlackElo "2274"]
[PlyCount "21"]
[EventDate "1994.??.??"]

1. c4 Nf6 2. d4 g6 3. Nc3 Bg7 4. e4 d6 5. Nf3 O-O 6. Be2 e5 7. O-O Nc6 8. d5
Ne7 9. b4 a5 10. bxa5 c5 11. Nd2 1/2-1/2

[Event "Kandidatklassen 1994"]
[Site "Aalborg"]
[Date "1994.04.01"]
[Round "4"]
[White "Pedersen, Daniel Vesterbaek"]
[Black "Christiansen, Jens Jorgen"]
[Result "1/2-1/2"]
[WhiteElo "2253"]
[BlackElo "2232"]
[PlyCount "38"]
[EventDate "1994.??.??"]

1. e4 c6 2. d4 d5 3. f3 dxe4 4. fxe4 e5 5. Nf3 Be6 6. c3 Nf6 7. Nxe5 Nxe4 8.
Nf3 Be7 9. Bd3 Nf6 10. Bg5 Nbd7 11. O-O O-O 12. c4 h6 13. Bh4 a6 14. Nbd2 Re8
15. Qc2 Qc7 16. Rae1 Bd6 17. Bf5 Bxf5 18. Qxf5 Rxe1 19. Rxe1 Re8 1/2-1/2

[Event "Kandidatklassen 1994"]
[Site "Aalborg"]
[Date "1994.04.01"]
[Round "4"]
[White "Pedersen, Henrik Bolding"]
[Black "Isaksen, Brian"]
[Result "1/2-1/2"]
[WhiteElo "2182"]
[BlackElo "2214"]
[PlyCount "84"]
[EventDate "1994.??.??"]

1. e4 c5 2. c3 Nf6 3. e5 Nd5 4. d4 cxd4 5. Nf3 e6 6. cxd4 b6 7. Nc3 Nxc3 8.
bxc3 Qc7 9. Bd2 Bb7 10. Bd3 d6 11. O-O Nd7 12. Qe2 dxe5 13. dxe5 Be7 14. Rfe1
Rc8 15. Nd4 Nc5 16. Bc2 a6 17. Qg4 g6 18. Re3 Bd5 19. Bb3 Qd7 20. Rae1 b5 21.
f4 h5 22. Qd1 Qb7 23. R3e2 Rc7 24. Qb1 Rd7 25. Bc2 Kd8 26. Rd1 Kc8 27. Be1 Kb8
28. h4 Rc8 29. g3 Bd8 30. Kh2 Bb6 31. Bf2 Rcd8 32. Rc1 Ka7 33. Qb2 Bc4 34. Re3
Bd5 35. Rce1 Rc8 36. R3e2 Rdc7 37. Ra1 Kb8 38. a4 Nxa4 39. Bxa4 bxa4 40. Rxa4
Rc4 41. Ra3 Kc7 42. Qa1 Bxd4 1/2-1/2

[Event "Kandidatklassen 1994"]
[Site "Aalborg"]
[Date "1994.04.01"]
[Round "4"]
[White "Strange, Mikkel"]
[Black "Johansen, Morten"]
[Result "1-0"]
[WhiteElo "2246"]
[BlackElo "2160"]
[PlyCount "99"]
[EventDate "1994.??.??"]

1. e4 e6 2. d4 d5 3. Nc3 dxe4 4. Nxe4 Bd7 5. Nf3 Bc6 6. Bd3 Nd7 7. O-O Be7 8.
Qe2 Ngf6 9. Bd2 O-O 10. Rad1 Nxe4 11. Bxe4 Bxe4 12. Qxe4 b6 13. Bf4 c5 14. Ne5
Nf6 15. Qb7 Re8 16. dxc5 Qc8 17. Qxc8 Raxc8 18. cxb6 axb6 19. c4 Ne4 20. b3 Ra8
21. a4 Nc5 22. Rb1 g5 23. Be3 f6 24. Nc6 Bf8 25. Nd4 Red8 26. Nb5 Kf7 27. Bxc5
Bxc5 28. Rfd1 f5 29. Kf1 Bb4 30. Ke2 Kf6 31. Nc7 Rac8 32. Rxd8 Rxd8 33. Rd1 Rc8
34. Rd7 h5 35. Kd3 g4 36. Na6 Be1 37. Ke2 Bc3 38. Rd6 Ke5 39. Rxb6 Rd8 40. Rb5+
Kf4 41. g3+ Kg5 42. Nc5 Rd2+ 43. Ke3 e5 44. Nd3 Rd1 45. Rxe5 Bxe5 46. Nxe5 Rb1
47. c5 Rxb3+ 48. Kd4 Kf6 49. c6 Ke6 50. c7 1-0

[Event "Kandidatklassen 1994"]
[Site "Aalborg"]
[Date "1994.04.02"]
[Round "5"]
[White "Aagaard, Jacob"]
[Black "Christiansen, Jens Jorgen"]
[Result "1-0"]
[WhiteElo "2275"]
[BlackElo "2232"]
[PlyCount "39"]
[EventDate "1994.??.??"]

1. e4 c6 2. d4 d5 3. Nc3 dxe4 4. Nxe4 Nd7 5. Ng5 Ngf6 6. Bd3 e6 7. N1f3 Bd6 8.
Qe2 h6 9. Ne4 Nxe4 10. Qxe4 Nf6 11. Qe2 c5 12. dxc5 Bxc5 13. Bd2 Bd7 14. b4 Bd6
15. c4 b6 16. Bc3 Bc6 17. Nd4 Bxb4 18. Bxb4 Qxd4 19. Rd1 Qf4 20. Qxe6+ 1-0

[Event "Kandidatklassen 1994"]
[Site "Aalborg"]
[Date "1994.04.02"]
[Round "5"]
[White "Andersen, Frank"]
[Black "Pilgaard, Kim"]
[Result "1-0"]
[WhiteElo "2167"]
[BlackElo "2348"]
[PlyCount "65"]
[EventDate "1994.??.??"]

1. d4 Nf6 2. c4 e6 3. Nf3 b6 4. Nc3 Bb7 5. Bf4 Bb4 6. Qb3 c5 7. a3 Bxc3+ 8.
bxc3 Ne4 9. h4 h6 10. e3 O-O 11. Bd3 Qe7 12. a4 d6 13. a5 Nd7 14. a6 Bc6 15. d5
exd5 16. cxd5 Bxd5 17. Qxd5 Ndf6 18. Qb3 d5 19. c4 d4 20. Qc2 Rad8 21. O-O Rfe8
22. exd4 cxd4 23. Rfe1 Qe6 24. Be5 Nc5 25. Bc7 Qd7 26. Bxd8 Rxd8 27. Rad1 Nxa6
28. Bf5 Qc7 29. Rxd4 Rf8 30. g4 Nb4 31. Qd2 a5 32. g5 hxg5 33. hxg5 1-0

[Event "Kandidatklassen 1994"]
[Site "Aalborg"]
[Date "1994.04.02"]
[Round "5"]
[White "Boe, Mads"]
[Black "Rasmussen, Peter"]
[Result "1-0"]
[WhiteElo "2366"]
[BlackElo "2325"]
[PlyCount "59"]
[EventDate "1994.??.??"]

1. e4 c5 2. c3 d5 3. exd5 Qxd5 4. d4 Nf6 5. Nf3 Nc6 6. Be3 cxd4 7. cxd4 Bg4 8.
Nc3 Qa5 9. Qb3 Bxf3 10. gxf3 O-O-O 11. Qxf7 e5 12. O-O-O Bb4 13. Qc4 Bxc3 14.
Qxc3 Qxa2 15. Bc4 exd4 16. Bxd4 Qa1+ 17. Kc2 Qa4+ 18. Bb3 Qb5 19. Kb1 Kb8 20.
Bc5 Rhe8 21. Rhg1 g6 22. Bf7 Rxd1+ 23. Rxd1 Qe2 24. Kc1 Rc8 25. Bc4 Qe8 26.
Qxf6 Na5 27. Qd6+ Ka8 28. Be6 Nb3+ 29. Bxb3 Qb5 30. Bc2 1-0

[Event "Kandidatklassen 1994"]
[Site "Aalborg"]
[Date "1994.04.02"]
[Round "5"]
[White "Buch, Carsten"]
[Black "Hjorth, Torben"]
[Result "1-0"]
[WhiteElo "2260"]
[BlackElo "2222"]
[PlyCount "129"]
[EventDate "1994.??.??"]

1. Nf3 c5 2. c4 Nc6 3. Nc3 e5 4. e3 f5 5. d4 e4 6. Ng1 Nf6 7. Nh3 cxd4 8. exd4
Bb4 9. d5 Ne5 10. Bf4 Nf7 11. Be2 O-O 12. d6 Qb6 13. O-O Bxc3 14. bxc3 Qc6 15.
Rb1 b6 16. c5 Qxc5 17. Rb5 Qc6 18. Rxf5 Bb7 19. Qd4 Rac8 20. Rc1 a6 21. a4 Nd8
22. Be3 Ne6 23. Qxb6 Qxb6 24. Bxb6 Rc6 25. a5 Rfc8 26. Rb1 Rxd6 27. Be3 Ba8 28.
g4 Nd5 29. Bd2 Ne7 30. Bf4 Nxf5 31. gxf5 Nxf4 32. Nxf4 Rf6 33. c4 Rxf5 34. Nd5
Bxd5 35. cxd5 Rxd5 36. Rb6 Rxa5 37. Bxa6 d5 38. Bxc8 d4 39. Rb4 Rg5+ 40. Kf1 d3
41. Rxe4 Rc5 42. Rc4 Re5 43. Rd4 Kf7 44. Rxd3 Kf6 45. Rf3+ Kg5 46. Rf7 Kg6 47.
Rf8 Ra5 48. Bb7 h6 49. Be4+ Kg5 50. Rf7 g6 51. Rg7 Ra6 52. Kg2 h5 53. Rxg6+
Rxg6 54. Bxg6 Kxg6 55. h4 Kf5 56. Kf3 Ke5 57. Ke3 Kf5 58. f3 Ke5 59. f4+ Kd5
60. Kd3 Ke6 61. Ke4 Kf6 62. f5 Kf7 63. Ke5 Ke7 64. f6+ Kf7 65. Kf5 1-0